Catálogo

ORBE INDIANO : (Registro nro. 57357)

Detalles MARC
000 -LEADER
fixed length control field 01246nam a2200229 a 4500
001 - CONTROL NUMBER
control field 57357
005 - DATE AND TIME OF LATEST TRANSACTION
control field 20180714053521.0
008 - FIXED-LENGTH DATA ELEMENTS--GENERAL INFORMATION
fixed length control field 140415s1991 mx 000 0 spa d
020 ## - INTERNATIONAL STANDARD BOOK NUMBER
International Standard Book Number 9681636570
041 ## - LANGUAGE CODE
Language code of text/sound track or separate title spa
082 ## - DEWEY DECIMAL CLASSIFICATION NUMBER
Classification number 980.01
Item number BRA
100 1# - MAIN ENTRY--PERSONAL NAME
Personal name BRADING, DAVID
245 10 - TITLE STATEMENT
Title ORBE INDIANO :
Remainder of title DE LA MONARQUIA CATOLICA A LA REPUBLICA CRIOLLA 1492-1867
250 ## - EDITION STATEMENT
Edition statement 1a ed.
260 ## - PUBLICATION, DISTRIBUTION, ETC.
Place of publication, distribution, etc. MEXICO :
Name of publisher, distributor, etc. FONDO DE CULTURA ECONOMICA,
Date of publication, distribution, etc. 1991
300 ## - PHYSICAL DESCRIPTION
Extent 309
Dimensions 17 x 4.3 x 23.8
490 ## - SERIES STATEMENT
Series statement SECCION DE OBRAS DE HISTORIA
520 ## - SUMMARY, ETC.
Summary, etc. EL PROPOSITO DE ESTE LIBRO ES DEMOSTRAR QUE, POR MUCHO QUE LA AMERICA ESPAÑOLA DEPENDIERA DE EUROPA EN MATERIA DE FORMAS DE ARTE, LITERATURA Y CULTURA GENERAL, SUS CRONISTAS Y PATRIOTAS LOGRARON CREAR UNA TRADICION INTELECTUAL, QUE POR RAZON DE SU COMPROMISO CON LA EXPERIENCIA HISTORICA Y LA REALIDAD CONTEMPORÁNEA DE AMERICA, FUE ORIGINAL, IDIOSINCRÁSIA COMPLEJA Y TOTALMENTE DISTINTA DE TODO MODELO EUROPEO.
650 14 - SUBJECT ADDED ENTRY--TOPICAL TERM
Topical term or geographic name entry element NACIONALISMO
General subdivision PERU
-- HISTORIA
-- IDENTIDAD CULTURAL
-- MEXICO
-- IDENTIDAD CULTURAL
-- LATINOAMERICA
-- LATINOAMERICA
-- HISTORIA
700 1# - ADDED ENTRY--PERSONAL NAME
Personal name UTRILLA, JUAN JOSE
Relator term tr.
740 ## - ADDED ENTRY--UNCONTROLLED RELATED/ANALYTICAL TITLE
Uncontrolled related/analytical title THE FIRST AMERICA: THE SPANISH MONARCHY, CREOLE PATRIOTS AND THE LIBERAL STATE, 1492-1867
Existencias
Withdrawn status Lost status Source of classification or shelving scheme Damaged status Not for loan Collection code Home library Current library Shelving location Date acquired Source of acquisition Inventory number Total Checkouts Full call number Barcode Date last seen Date last checked out Price effective from Koha item type
    Dewey Decimal Classification     General Biblioteca Karol Wojtyla Biblioteca Karol Wojtyla Sala general 03/12/2013 Compra 151000000000000000038422 1 980.01 BRA 86677 05/01/2026 21/01/2020 03/12/2013 Libro